00648 2200229 4500001002100000005001700021008004100038035002400079082000800103090001800111100002700129245009900156250001100255260004200266300001800308650002700326700001800353700001100371850001500382985000600397999001500403YOGYA-0209000002839020090227024228.0 ind  0010-020900000028390 a297 a297bBas KlT aBASYIR, KH Ahmad Azhar aKeluarga sakinah keluarga surgawicKH Ahmad Azhar Basyir, Fauzi Rahman; penyunting Umar Sofyan aCet. 1 aYogyakartabTitian Ilahi Pressc10994 a61 hlmc18 cm aIslam - Iman dan kufur aRahman, Fauzi aSofyan aYOPDYOG(B) a1 a93P0044832